000 00611nam a22002293a 4500
999 _c6507
_d6507
001 6507
003 BD-JhCC
005 20180125170728.0
008 500101s1967 xx 000 0 und d
035 _aOCLC pks02817887 from D950607K
_a(BD-JhCC)6507
040 _aEQO
_cEQO
_dBD-JhCC
041 _aeng
082 _bCAI 1967
_a428.6
100 1 _aCairns, John C.
245 1 0 _aMiddle forms objective questions in English language /
_cJohn Cairns, A. Scott
260 _aLagos,
_c1967
300 _a76 p. :
_c28 cm.
650 _aEnglish Language
700 1 _aScott, Ann.
942 _2ddc
_cBK